000 00246nam a2200109Ia 4500
005 20251222114357.0
008 251222s1900||||xx |||||||||||||| ||spa||
082 _aDVD0090/B27/2005/Ej.5
245 0 _aKarol II
264 _bTaodue Film
942 _cDVD
999 _c1482
_d1482